[Event "GER-chT10 LJ-01 Br03 email"]
[Site "GER email"]
[Date "2013.10.04"]
[Round "?"]
[White "Hanio, Josef"]
[Black "Schuetze, Manfred"]
[Result "0-1"]
[WhiteElo "2145"]
[BlackElo "2277"]
[PlyCount "88"]
[EventDate "2013.10.15"]
[EventType "tourn (corr)"]
[EventRounds "8"]
[EventCountry "GER"]
[SourceTitle "Corr 2020"]
[Source "ChessBase"]
[SourceDate "2019.09.30"]
[SourceVersion "1"]
[SourceVersionDate "2019.09.30"]
[SourceQuality "1"]

1. e4 c5 2. Nf3 Nc6 3. d4 cxd4 4. Nxd4 Nf6 5. Nc3 e5 6. Ndb5 d6 7. Bg5 a6 8. Na3 b5 9. Bxf6 gxf6 10. Nd5 f5 11. Bd3 Be6 12. c3 Bg7 13. Qh5 0-0 14. 0-0 f4 15. Nc2 f5 16. a4 Bxd5 17. exd5 Ne7 18. Nb4 e4 19. Bc2 bxa4 20. Bxa4 Ng6 21. Ra3 f3 22. g3 Qe7 23. Nc6 Qf7 24. Bc2 Kh8 25. Rd1 a5 26. Ba4 Rae8 27. Nxa5 e3 28. Qxf3 Ne5 29. Qe2 f4 30. Bxe8 Qxe8 31. c4 Bh6 32. Nc6 fxg3 33. f4 Bxf4 34. h3 g2 35. Nd4 Rg8 36. Rxe3 Qg6 37. Qe1 Qh6 38. Rc3 Ng4 39. Rdc1 Ne3 40. Nf3 Qxh3 41. Rxe3 Qh1+ 42. Kf2 Bg3+ 43. Ke2 Bxe1 44. Rxe1 Rf8 0-1

[Event "GER-chT9 LI-01 Br03 email"]
[Site "GER email"]
[Date "2011.10.16"]
[Round "?"]
[White "Geissler, Walter"]
[Black "Hanio, Josef"]
[Result "1/2-1/2"]
[WhiteElo "2091"]
[BlackElo "2122"]
[PlyCount "68"]
[EventDate "2011.10.23"]
[EventType "tourn (corr)"]
[EventRounds "9"]
[EventCountry "GER"]
[SourceTitle "Corr 2015"]
[Source "ChessBase"]
[SourceDate "2015.07.17"]
[SourceVersion "1"]
[SourceVersionDate "2015.07.17"]
[SourceQuality "1"]

1. e4 c5 2. Nf3 Nc6 3. d4 cxd4 4. Nxd4 Nf6 5. Nc3 e5 6. Ndb5 d6 7. Bg5 a6 8. Na3 b5 9. Nd5 Be7 10. Bxf6 Bxf6 11. c4 b4 12. Nc2 Rb8 13. b3 0-0 14. g3 Bg5 15. h4 Bh6 16. Bh3 Be6 17. Kf1 a5 18. Kg2 Rb7 19. Bf5 g6 20. Bh3 f5 21. h5 Bg5 22. Qd3 Rbf7 23. Raf1 Qd7 24. Qe2 Bd8 25. hxg6 hxg6 26. Rh2 Rh7 27. Rfh1 Kg7 28. exf5 gxf5 29. Kg1 Rfh8 30. Bg2 Rxh2 31. Rxh2 Rxh2 32. Kxh2 Ne7 33. Nce3 Nc6 34. Nc2 Ne7 1/2-1/2

[Event "GER-chT9 LI-01 Br03 email"]
[Site "GER email"]
[Date "2011.10.16"]
[Round "?"]
[White "Hanio, Josef"]
[Black "Kunz, Harry"]
[Result "1/2-1/2"]
[WhiteElo "2122"]
[BlackElo "2081"]
[PlyCount "95"]
[EventDate "2011.10.23"]
[EventType "tourn (corr)"]
[EventRounds "9"]
[EventCountry "GER"]
[SourceTitle "Corr 2015"]
[Source "ChessBase"]
[SourceDate "2015.07.17"]
[SourceVersion "1"]
[SourceVersionDate "2015.07.17"]
[SourceQuality "1"]

1. e4 c5 2. Nf3 d6 3. d4 cxd4 4. Nxd4 Nf6 5. Nc3 a6 6. Be2 e5 7. Nb3 Be6 8. f4 Be7 9. f5 Bd7 10. Bg5 Bc6 11. Bxf6 Bxf6 12. Bc4 0-0 13. Bd5 Qc7 14. Qd3 Nd7 15. 0-0-0 Be7 16. g4 Nb6 17. h4 Bxd5 18. Nxd5 Nxd5 19. exd5 f6 20. Nd2 Rac8 21. Kb1 b5 22. Rdg1 Qc5 23. c3 Kh8 24. g5 b4 25. c4 a5 26. Rc1 Qa7 27. h5 Qd7 28. h6 g6 29. fxg6 hxg6 30. gxf6 Rxf6 31. Rhg1 a4 32. c5 Rxc5 33. Rxc5 dxc5 34. Rxg6 Rxg6 35. Qxg6 Bf8 36. Qf6+ Kg8 37. Qg5+ Kh7 38. Ne4 Qf7 39. Nf6+ Kh8 40. Qxe5 Bxh6 41. Qe8+ Kg7 42. Qxf7+ Kxf7 43. Ne4 Bf8 44. b3 axb3 45. axb3 Kg6 46. d6 c4 47. bxc4 Kf5 48. d7 1/2-1/2

[Event "GER-chT8 LH-01 Br4 email"]
[Site "GER email"]
[Date "2009.10.09"]
[Round "?"]
[White "Firnhaber, Ingo"]
[Black "Hanio, Josef"]
[Result "1-0"]
[WhiteElo "2284"]
[BlackElo "2142"]
[PlyCount "127"]
[EventDate "2009.10.15"]
[EventType "tourn (corr)"]
[EventRounds "8"]
[EventCountry "GER"]
[SourceTitle "Corr 2013"]
[Source "ChessBase"]
[SourceDate "2012.11.12"]
[SourceVersion "1"]
[SourceVersionDate "2012.11.12"]
[SourceQuality "1"]

1. e4 c5 2. Nf3 d6 3. d4 cxd4 4. Nxd4 Nf6 5. Nc3 Nc6 6. Bg5 e6 7. Qd2 Be7 8. 0-0-0 0-0 9. f4 Nxd4 10. Qxd4 Qa5 11. Bc4 Bd7 12. e5 dxe5 13. fxe5 Bc6 14. Bd2 Nd7 15. Nd5 Qd8 16. Nxe7+ Qxe7 17. Rhe1 Nb6 18. Bf1 Rfd8 19. Qg4 Rac8 20. Kb1 Qc7 21. Bd3 Na4 22. Rc1 g6 23. Qh4 Rd5 24. b3 Nc5 25. Bh6 f5 26. exf6 Rh5 27. Qd4 Qd7 28. f7+ Qxf7 29. Be2 Nxb3 30. axb3 Rxh6 31. Bg4 Re8 32. Rcd1 g5 33. Re5 Qf4 34. Qc5 Kh8 35. h3 Qf8 36. Qe3 a5 37. Qc3 Qg7 38. Qxa5 Bxg2 39. Bxe6 Bc6 40. Rd8 Rf6 41. Bc4 Rxd8 42. Qxd8+ Rf8 43. Qxg5 Qxg5 44. Rxg5 Be4 45. Bd5 h6 46. Re5 Bxd5 47. Rxd5 Rf7 48. Kb2 Kg7 49. b4 Kf8 50. Rd6 h5 51. Rd5 h4 52. Rd4 Ke8 53. Rxh4 Kd8 54. c4 b5 55. cxb5 Kc7 56. b6+ Kxb6 57. Rg4 Rf2+ 58. Kc1 Rh2 59. h4 Kb5 60. Kd1 Rb2 61. Ke1 Ka4 62. Kf1 Kb5 63. Kg1 Rb3 64. Kg2 1-0

[Event "GER-chT LG-1 email"]
[Site "GER email"]
[Date "2007.10.25"]
[Round "?"]
[White "Engelhardt, Georg"]
[Black "Hanio, Josef"]
[Result "1/2-1/2"]
[WhiteElo "2361"]
[BlackElo "2277"]
[PlyCount "77"]
[EventDate "2007.??.??"]
[EventType "tourn (corr)"]
[EventRounds "8"]
[EventCountry "GER"]
[SourceTitle "Corr 2011"]
[Source "ChessBase"]
[SourceDate "2010.08.31"]
[SourceVersion "1"]
[SourceVersionDate "2010.08.31"]
[SourceQuality "1"]

1. c4 Nf6 2. g3 e5 3. Bg2 d5 4. cxd5 Nxd5 5. Nf3 Nc6 6. Nc3 Nb6 7. 0-0 Be7 8. a3 0-0 9. b4 Be6 10. Rb1 f6 11. d3 a5 12. b5 Nd4 13. Nd2 Bd5 14. Nxd5 Nxd5 15. Ne4 f5 16. e3 fxe4 17. exd4 exd4 18. Bb2 Nc3 19. Bxc3 dxc3 20. Bxe4 Qd4 21. Rc1 Bf6 22. Bxb7 Rad8 23. Be4 g6 24. Kg2 Kg7 25. f4 Rfe8 26. Re1 Re7 27. Re2 Qc5 28. Qb3 a4 29. Qxa4 Rb8 30. d4 Bxd4 31. Bf3 Rxe2+ 32. Bxe2 c6 33. bxc6 Rb2 34. Rc2 Kh6 35. g4 Rxc2 36. Qxc2 Qxc6+ 37. Bf3 Qd6 38. Qe4 Bc5 39. g5+ 1/2-1/2

[Event "GER-chT LG-1 email"]
[Site "GER email"]
[Date "2007.10.25"]
[Round "?"]
[White "Hanio, Josef"]
[Black "Herrmann, Hans"]
[Result "1-0"]
[WhiteElo "2277"]
[BlackElo "2294"]
[PlyCount "139"]
[EventDate "2007.??.??"]
[EventType "tourn (corr)"]
[EventRounds "8"]
[EventCountry "GER"]
[SourceTitle "Corr 2011"]
[Source "ChessBase"]
[SourceDate "2010.08.31"]
[SourceVersion "1"]
[SourceVersionDate "2010.08.31"]
[SourceQuality "1"]

1. e4 e6 2. d4 d5 3. Nc3 Bb4 4. e5 Ne7 5. a3 Bxc3+ 6. bxc3 c5 7. Nf3 Bd7 8. a4 Qa5 9. Bd2 Nbc6 10. Qc1 0-0 11. Be2 Qc7 12. Qa3 b6 13. 0-0 Nf5 14. g4 Nfe7 15. Be3 Ng6 16. h4 f5 17. g5 f4 18. Bd2 cxd4 19. cxd4 Nxd4 20. Nxd4 Qxe5 21. Rfe1 Qxd4 22. Bc3 Qe4 23. Bb5 Qf3 24. Bxd7 Qg4+ 25. Kf1 Qh3+ 26. Ke2 Rf7 27. Bb5 Nxh4 28. Kd1 Nf3 29. Qd6 Nxe1 30. Bxe1 Qg4+ 31. Kc1 Qxg5 32. Qxe6 Qe7 33. Qxe7 Rxe7 34. Kb2 Rd8 35. Bd2 g5 36. Rg1 Rg7 37. Rh1 d4 38. Kb3 Kh8 39. Bd3 Rdd7 40. f3 Rd8 41. Bc1 Rd5 42. Bb2 Rgd7 43. c3 Re5 44. cxd4 Re3 45. d5+ Kg8 46. Kc4 Rxd3 47. Kxd3 Rxd5+ 48. Ke4 Ra5 49. Rh5 Kf7 50. Rxh7+ Ke6 51. Rh6+ Kd7 52. Rg6 Rxa4+ 53. Bd4 Ra5 54. Be5 Ra4+ 55. Kf5 Ra3 56. Kg4 b5 57. Rxg5 Ra4 58. Rg6 b4 59. Rd6+ Kc8 60. Kxf4 b3+ 61. Ke3 Rb4 62. Bb2 Rb5 63. Kd3 a5 64. Rd4 Kc7 65. Kc3 Kc6 66. f4 Kc7 67. Ba3 Kc6 68. Kb2 Kc7 69. Be7 Kc6 70. Bd8 1-0

[Event "GER-chT LG-1 email"]
[Site "GER email"]
[Date "2007.10.25"]
[Round "?"]
[White "Hanio, Josef"]
[Black "Schmitz, Andre"]
[Result "1/2-1/2"]
[WhiteElo "2277"]
[BlackElo "2368"]
[PlyCount "92"]
[EventDate "2007.??.??"]
[EventType "tourn (corr)"]
[EventRounds "8"]
[EventCountry "GER"]
[SourceTitle "Corr 2011"]
[Source "ChessBase"]
[SourceDate "2010.08.31"]
[SourceVersion "1"]
[SourceVersionDate "2010.08.31"]
[SourceQuality "1"]

1. e4 c5 2. Nf3 Nc6 3. d4 cxd4 4. Nxd4 e5 5. Nb5 d6 6. c4 Nf6 7. N1c3 a6 8. Na3 Be7 9. Nc2 0-0 10. Bd3 Nd7 11. b3 Nc5 12. 0-0 a5 13. Be3 Bg5 14. Qd2 Bxe3 15. Qxe3 Re8 16. Rfd1 Re6 17. Rd2 Rh6 18. Rad1 Nd4 19. Bf1 Bg4 20. f3 Nxc2 21. Qxc5 Bxf3 22. Rxd6 Rxd6 23. Rxd6 Qg5 24. Rd3 Nd4 25. h4 Qg3 26. Qe7 b6 27. Re3 f6 28. c5 bxc5 29. Qxc5 Kh8 30. Nb5 Ne2+ 31. Rxe2 Bxe2 32. Bxe2 Qxh4 33. Qc1 Qf4 34. Qc6 Qe3+ 35. Kf1 Rf8 36. Nd6 g6 37. Qd5 h5 38. Qxa5 h4 39. Qd5 Qf4+ 40. Bf3 h3 41. Kg1 Qg3 42. Qd2 Kg7 43. Nc4 Rd8 44. Qe2 hxg2 45. Qe3 Rh8 46. Bxg2 Qxe3+ 1/2-1/2

[Event "GER-chT LG-1 email"]
[Site "GER email"]
[Date "2007.10.25"]
[Round "?"]
[White "Hens, Bernhard"]
[Black "Hanio, Josef"]
[Result "1-0"]
[WhiteElo "2226"]
[BlackElo "2277"]
[PlyCount "117"]
[EventDate "2007.??.??"]
[EventType "tourn (corr)"]
[EventRounds "8"]
[EventCountry "GER"]
[SourceTitle "Corr 2011"]
[Source "ChessBase"]
[SourceDate "2010.08.31"]
[SourceVersion "1"]
[SourceVersionDate "2010.08.31"]
[SourceQuality "1"]

1. Nf3 Nf6 2. c4 c5 3. Nc3 e6 4. g3 b6 5. Bg2 Bb7 6. 0-0 Be7 7. Re1 d5 8. cxd5 exd5 9. d4 0-0 10. Bf4 Na6 11. Qc2 Nb4 12. Qb1 Bd6 13. Be5 Ne4 14. Rd1 f5 15. Nd2 Rf7 16. Ndxe4 fxe4 17. Nxe4 dxe4 18. dxc5 Bxe5 19. Rxd8+ Rxd8 20. cxb6 Bd4 21. e3 Bxb6 22. Bxe4 Bxe4 23. Qxe4 Nd3 24. Rd1 Rfd7 25. Rd2 Rd5 26. Rc2 Nc5 27. Qc4 Kh8 28. h4 Nd3 29. Qg4 R5d6 30. Kf1 Rf6 31. Qe4 Nc5 32. Qb4 Nd3 33. Qc3 Rf7 34. g4 Rc7 35. Qb3 Re7 36. a4 Red7 37. g5 Rd6 38. Qa3 Rd5 39. b4 a5 40. Rc6 Ne5 41. Re6 Nf3 42. Kg2 Rf8 43. bxa5 Bc5 44. Qb3 Rdd8 45. Kh3 Ng1+ 46. Kg4 Nf3 47. a6 Ra8 48. Qd5 Ba3 49. h5 Bb2 50. h6 gxh6 51. gxh6 Ba1 52. Qb7 Ne5+ 53. Kh3 Nf3 54. Rb6 Be5 55. a7 Rad8 56. Rb4 Ng5+ 57. Kh4 Nf3+ 58. Kh5 Rg8 59. Qxf3 1-0